PSYCHOLOGY: THE CURRENT OVERVIEW (Record no. 24801)

MARC details
000 -LEADER
fixed length control field 00543nam a22001937a 4500
003 - CONTROL NUMBER IDENTIFIER
control field SGT
020 ## - INTERNATIONAL STANDARD BOOK NUMBER
International Standard Book Number 97889392787447
082 ## - DEWEY DECIMAL CLASSIFICATION NUMBER
Classification number 150
Item number W22K
100 ## - MAIN ENTRY--PERSONAL NAME
Personal name KHAN, WAHEEDA
245 ## - TITLE STATEMENT
Title PSYCHOLOGY: THE CURRENT OVERVIEW
250 ## - EDITION STATEMENT
Edition statement 1ST
260 ## - PUBLICATION, DISTRIBUTION, ETC. (IMPRINT)
Place of publication, distribution, etc INDIA
Name of publisher, distributor, etc SELECTIVE SCIENTIFIC BOOK
Year of Publication 2022
300 ## - PAGE DESCRIPTION
No. of Pages 187
490 ## - SERIES STATEMENT
Series statement SGTU FACULTY PUBLICATIONS
650 ## - SUBJECT ADDED ENTRY--TOPICAL TERM
Topical term or geographic name as entry element PSYCHOLOGY
653 ## - KEYWORDS--INDEX TERM
Keyword term PSYCHOLOGY: THE CURRENT OVERVIEW, SGT UNIVERSITY FACULTY PUBLICATION
700 ## - ADDED ENTRY--PERSONAL NAME
Personal name DR WAHEEDA KHAN, DR RAJBIR , DR AMRA AHSAN
942 ## - ADDED ENTRY ELEMENTS (KOHA)
Source of classification or shelving scheme Dewey Decimal Classification
Koha item type Books
Holdings
Withdrawn status Lost status Source of classification or shelving scheme Damaged status Not for loan Collection code Home library Current library Shelving location Date acquired Cost, normal purchase price SGTU Total Checkouts Full call number Accession No. (Barcode) Date last seen Bill Date Koha item type Use restrictions
    Dewey Decimal Classification   Not For Loan ENGINEERING SGT Engineering Library SGT Engineering Library Reference Book 25/04/2024 395.00 SGTU   150 W22K FE9050 25/04/2024 25/04/2024 Gifted Books Restricted Access
    Dewey Decimal Classification   Not For Loan NURSING SGT Medical Library SGT Medical Library Reference Book 19/08/2023 395.00 SGTU   150 W22K FN4867 19/08/2023 19/08/2023 Books